| 000 | 00773cam a22002651i 4500 | ||
|---|---|---|---|
| 001 | 31765 | ||
| 003 | BD-RjUL | ||
| 005 | 20211209051738.0 | ||
| 008 | 140422s1963 nyu 001 0 eng | ||
| 035 | _a(BD-RjUL)31853 | ||
| 035 | _a(OCoLC)7315109 | ||
| 040 |
_aDLC _cIFlCL _dOCoLC _dODaWU _dUk _dDLC _dBD-RjUL _beng |
||
| 041 | _aeng | ||
| 082 | 0 | 4 |
_222 _a201.309394 _bHOM 1963 |
| 100 | 1 |
_aHooke, S. H. _q(Samuel Henry), _d1874-1968. _974844 |
|
| 245 | 1 | 0 |
_aMiddle Eastern mythology / _cby S. H. Hooke. |
| 260 |
_aNew York : _bPenguin Books, _cc1963. |
||
| 300 |
_a198 p. : _billus. ; _c18 cm. |
||
| 490 | 0 | _aPelican books | |
| 500 | _aIncludes index. | ||
| 650 | 0 |
_aMythology, Middle Eastern. _996675 |
|
| 942 |
_2ddc _cBK |
||
| 999 |
_c31765 _d31765 |
||